First 102 Composite Numbers - Statistics

General Stats
  • This quiz has been taken 24 times
  • The average score is 69 of 102
Answer Stats
Answer % Correct
10
92%
12
83%
14
83%
21
83%
28
83%
4
83%
6
83%
8
83%
9
83%
15
75%
16
75%
18
75%
20
75%
22
75%
24
75%
25
75%
26
75%
27
75%
100
67%
102
67%
104
67%
105
67%
111
67%
114
67%
130
67%
134
67%
135
67%
30
67%
32
67%
33
67%
34
67%
35
67%
36
67%
38
67%
39
67%
40
67%
42
67%
44
67%
45
67%
46
67%
48
67%
49
67%
50
67%
51
67%
52
67%
54
67%
55
67%
56
67%
57
67%
58
67%
60
67%
62
67%
63
67%
64
67%
65
67%
66
67%
68
67%
69
67%
70
67%
72
67%
74
67%
75
67%
76
67%
77
67%
78
67%
80
67%
81
67%
82
67%
84
67%
85
67%
86
67%
87
67%
88
67%
90
67%
91
67%
92
67%
93
67%
94
67%
95
67%
96
67%
98
67%
99
67%
106
58%
108
58%
110
58%
112
58%
115
58%
116
58%
117
58%
118
58%
119
58%
120
58%
121
58%
122
58%
123
58%
124
58%
125
58%
126
58%
128
58%
129
58%
132
58%
133
58%
No matching quizzes found
Score Distribution
Percent of People with Each Score
Percentile by Number Answered
Your Score History
You have not taken this quiz